000 01034nam a2200301 i 4500
003 CO-BoRNBP
005 20230417131548.0
007 ta
008 200325s2007 ck ab 000 0 spa d
020 _a9789587045604
040 _aCO-BoRNBP
_bspa
_erda
_cCO-BoRNBP
041 0 _aspa
043 _as-ck---
082 0 4 _a622.3632
_bC17s
_223
100 1 _aCastro Caycedo, Gustavo
_eautor
_91304
245 1 3 _aLa sal de Colombia
_ctextos de Gustavo Castro Caycedo ; fotografías de Nicolás Quevedo
250 _aPrimera edición
264 1 _aBogotá, Colombia
_bIFI - Concesión de Salinas
_c2007
300 _a287 páginas
_bilustraciones, fotografías a color
_c32 cm
336 _atexto
_btxt
_2rdacontent
337 _asin mediación
_bn
_2rdamedia
338 _avolumen
_bnc
_2rdacarrier
504 _aIncluye referencias bibliográficas
650 1 7 _aSal
_xProducción
_zColombia
_2ARMARC
_91305
650 1 7 _aSalinas
_xHistoria
_zColombia
_2ARMARC
_91306
700 1 _aQuevedo, Nicolás
_efotógrafo
_91307
942 _cBK
999 _c9401
_d9401